6-Letter Countries - Statistics

General Stats
  • This quiz has been taken 215 times
  • The average score is 23 of 32
Answer Stats
6-letter country % Correct
Canada
88%
France
85%
Norway
84%
Sweden
83%
Greece
82%
Latvia
81%
Russia
81%
Panama
77%
Poland
76%
Serbia
76%
Zambia
76%
Belize
75%
Israel
75%
Mexico
75%
Brazil
74%
Gambia
73%
Angola
72%
Turkey
70%
Jordan
69%
Tuvalu
69%
Bhutan
67%
Kosovo
67%
Rwanda
67%
Uganda
66%
Kuwait
65%
Brunei
64%
Guinea
61%
Guyana
61%
Monaco
61%
Taiwan
59%
Cyp
56%
Malawi
52%
No matching quizzes found
Score Distribution
Percent of People with Each Score
Percentile by Number Answered
Your Score History
You have not taken this quiz